Animal Symbols of Greek Gods and Goddesses - Statistics

General Stats
  • This quiz has been taken 1,245 times
    305 since last reset
  • The average score is 9 of 14
Answer Stats
Animals Greek God % Correct
owl Athena
91%
ram, Cerberus Hades
87%
eagle Zeus
87%
deer, falcon Artemis
84%
peacock, cow Hera
81%
dove Aphrodite
78%
horse Poseidon
73%
boar, vulture, dog Ares
61%
swan, raven, wolf Apollo
58%
leopard, panther Dionysus
50%
tortoise, ram Hermes
49%
donkey Hephaestus
48%
goat Pan
44%
snake, pig Demeter
42%
No matching quizzes found
Score Distribution
Percent of People with Each Score
Percentile by Number Answered
Your Score History
You have not taken this quiz since the last reset